В мире людей. Вып. 3. Чтение. Говорение. Ч.2. ТРКИ-3, Учебное пособие по подготовке к экзамену по русскому языку для граждан зарубежных стран
| Autore principale: | |
|---|---|
| Altri autori: | |
| Riassunto: | Книга не входит в премиум-версию платформы «Русский как иностранный». Данное учебное пособие представляет собой вторую часть третьего выпуска учебного комплекса «В мире людей», адресованного иностранным учащимся, владеющим русским языком на уровне В2+ (общее владение). Цель обучения - достижение коммуникативной компетенции уровня С1 и подготовка к сдаче сертификационного экзамена ТРКИ-3. Учебный комплекс «В мире людей» является многофункциональным, сопряжен с требованиями систем CEFR, ТРКИ и ФГОС РФ по иностранному языку. Гарантированный срок размещения на платформе до 01.07.2026 (автопролонгация) |
| Pubblicazione: |
Санкт-Петербург, Златоуст, 2022
|
| Edizione: | В мире людей. Вып. 3. Чтение. Говорение. Ч.2. ТРКИ-3 |
| Soggetti: | |
| Accesso online: | Перейти к просмотру издания |
| Natura: | MixedMaterials Elettronico |
MARC
| LEADER | 00000 a2200000 4500 | ||
|---|---|---|---|
| 001 | RU/ROS-EDU.RU/127966 | ||
| 856 | 4 | |u https://www.ros-edu.ru/book?id=127966 |z Перейти к просмотру издания | |
| 010 | |a 978-5-907493-74-2 | ||
| 205 | |a В мире людей. Вып. 3. Чтение. Говорение. Ч.2. ТРКИ-3 |b 2026-07-01 | ||
| 333 | |a Гарантированный срок размещения на платформе до 01.07.2026 (автопролонгация) | ||
| 100 | |a 20220101d2022 |||y0rusy0250 |s 2026-07-01 | ||
| 105 | |a y z 000zy | ||
| 101 | 0 | |a rus | |
| 102 | |a RU | ||
| 200 | 1 | |a В мире людей. Вып. 3. Чтение. Говорение. Ч.2. ТРКИ-3 |b Электронный ресурс |e Учебное пособие по подготовке к экзамену по русскому языку для граждан зарубежных стран |f О. А. Ускова, М. Н. Макова | |
| 700 | 1 | |b О. А. |a Ускова |4 070 | |
| 701 | 1 | |b М. Н. |a Макова |4 070 | |
| 330 | |a Данное учебное пособие представляет собой вторую часть третьего выпуска учебного комплекса «В мире людей», адресованного иностранным учащимся, владеющим русским языком на уровне В2+ (общее владение). Цель обучения - достижение коммуникативной компетенции уровня С1 и подготовка к сдаче сертификационного экзамена ТРКИ-3. Учебный комплекс «В мире людей» является многофункциональным, сопряжен с требованиями систем CEFR, ТРКИ и ФГОС РФ по иностранному языку. | ||
| 210 | |a Санкт-Петербург |c Златоуст |d 2022 | ||
| 610 | 1 | |a русский язык | |
| 610 | 1 | |a изучение | |
| 675 | |a 811.16 | ||
| 686 | |a 81.2 |2 rubbk | ||
| 300 | |a Книга не входит в премиум-версию платформы «Русский как иностранный». | ||
| 215 | |a 160 с. | ||